000 01603nam a2200361 i 4500
003 DO-SdBNP
005 20260424141932.0
007 ta
008 260424b2008 dr a|||| |||| 00| 0 spa d
020 _a9789945443271 obra completa
020 _a9789945443288 v.1
020 _a9789945443295 v.2
020 _a9789945443301 v.3
040 _aDO-SdBNP
_bspa
_cBNPHU
_erda
041 _aspa
082 4 _axxx
_bxxx
_222
100 1 _aVega, Bernardo,
_d1938 -
_eautor
_4aut.
_93222
245 1 0 _a60 años de política monetaria 1947-2007 /
_cBernardo Vega ; colaboración, Clarissa de la Rocha de Torres ; corrección, Julio Estrella, Angélica Fondeur de Morín, Janet Canals, Miguel Reyes Sánchez
246 1 0 _aSesenta años de política monetaria 1947-2007.
264 1 _aSanto Domingo, República Dominicana :
_bBanco Central de la República Dominicana
_c2008.
300 _avolumenes :
_bilustraciones ;
_c27 cm.
336 _atexto
_btxt
_2rdacontent
337 _asin mediación
_bn
_2rdamedia
338 _avolumen
_bnc
_2rdacarrier
504 _aBibliografía: páginas 117-118
505 _av.1--
_t1947-1965
_tAntecedentes históricos--
_gv.2--
_t1966-1981--
_tEl rol del banco central y la nueva reforma bancaria--
_gv.3--
_t1982-2007--
_tCrisis de deuda y primeras reformas de liberación monetaria y cambiaria.
590 _aInventariado, 2026/BT
700 1 _aBetancourt, Opinio Álvarez,
_eautor
_4aut.
_989401
700 1 _aPiantini, Luis Manuel,
_eautor
_4aut.
_989402
700 1 _aDe La Rocha Torres, Clarissa de,
_ecolaborador
_4col.
_989401
910 _aBtavárez
942 _2ddc
_cLBS1
999 _c60615
_d60615